[Event "Neuilly Ernst Young Trophy"]
[Site "Neuilly"]
[Date "2004.04.04"]
[Round "5"]
[White "Sudries, P."]
[Black "Fajri, A."]
[Result "1/2-1/2"]
[WhiteElo "1800"]
[BlackElo "1900"]
[PlyCount "80"]
[EventDate "2004.04.??"]
[EventType "swiss (rapid)"]
[EventRounds "7"]
[EventCountry "FRA"]
[SourceTitle "EXT 2005"]
[Source "ChessBase"]
[SourceDate "2004.11.15"]
[SourceVersion "1"]
[SourceVersionDate "2004.11.15"]
[SourceQuality "1"]

1. e4 e5 2. Nf3 Nc6 3. Bc4 Nf6 4. Ng5 d5 5. exd5 b5 6. Bb3 Nd4 7. 0-0 Nxb3 8. axb3 Qxd5 9. Nc3 Qc5 10. Re1 Bg4 11. d4 Qxc3 12. Rxe5+ Kd7 13. f3 Qc6 14. fxg4 Bd6 15. Nxf7 Rhf8 16. Nxd6 cxd6 17. Re1 a6 18. g5 Nd5 19. Qg4+ Kc7 20. c3 Rf7 21. Bd2 Kb7 22. Rac1 Raf8 23. Re2 h5 24. Qe4 Re7 25. Qd3 Ref7 26. c4 Nb6 27. h3 Qd7 28. Qe4+ d5 29. cxd5 Nxd5 30. Be3 Re7 31. Qd3 Rfe8 32. Rc5 Nxe3 33. Qc3 Nd5 34. Rxe7 Rxe7 35. Qf3 Re1+ 36. Kh2 Qd6+ 37. g3 Rb1 38. Rxd5 Qc6 39. Rd7+ Kb6 40. Qxc6+ Kxc6 1/2-1/2